[Event "LSS No Engine Cup 232 Preliminary 0"]
[Site "LSS email"]
[Date "2023.02.09"]
[Round "?"]
[White "Lonyuk, Bohdan"]
[Black "Van Helden, Rene"]
[Result "1/2-1/2"]
[WhiteElo "1736"]
[BlackElo "1899"]
[PlyCount "84"]
[EventDate "2023.02.09"]
[EventType "tourn (corr)"]
[EventRounds "6"]
[EventCountry "GER"]
[SourceTitle "Corr 2024"]
[Source "ChessBase"]
[SourceDate "2023.10.19"]
[SourceVersion "1"]
[SourceVersionDate "2023.10.19"]
[SourceQuality "1"]

1. e4 c5 2. Nf3 d6 3. d4 cxd4 4. Nxd4 Nf6 5. Nc3 g6 6. Be3 Bg7 7. f3 0-0 8. Qd2 Nc6 9. 0-0-0 d5 10. exd5 Nxd5 11. Nxc6 bxc6 12. Nxd5 cxd5 13. Qxd5 Qc7 14. Qc5 Qb7 15. Qa3 Bf5 16. Bd3 Rab8 17. b3 Qc6 18. Bxf5 Qc3 19. Qc5 Qb2+ 20. Kd2 gxf5 21. Ke2 Rfc8 22. Qxf5 Rxc2+ 23. Rd2 Rxd2+ 24. Bxd2 Qxa2 25. Rc1 Qxb3 26. Rc8+ Rxc8 27. Qxc8+ Bf8 28. Qg4+ Kh8 29. Qc8 Qe6+ 30. Qxe6 fxe6 31. Kd3 Bg7 32. Bb4 Be5 33. h3 Bd6 34. Bc3+ Kg8 35. g4 Kf7 36. h4 a6 37. h5 Bc7 38. Bd2 Ke8 39. Kc4 Bb6 40. Bf4 Kf7 41. Be5 Be3 42. Bc7 Kf6 1/2-1/2

[Event "LSS No Engine Cup 222 Preliminary 0"]
[Site "LSS email"]
[Date "2021.10.23"]
[Round "?"]
[White "Heiser, Jerome"]
[Black "Lonyuk, Bohdan"]
[Result "0-1"]
[WhiteElo "732"]
[BlackElo "1700"]
[PlyCount "56"]
[EventDate "2021.10.23"]
[EventType "tourn (corr)"]
[EventRounds "6"]
[EventCountry "GER"]
[SourceTitle "Corr 2024"]
[Source "ChessBase"]
[SourceDate "2023.10.19"]
[SourceVersion "1"]
[SourceVersionDate "2023.10.19"]
[SourceQuality "1"]

1. e4 e5 2. Nf3 Nc6 3. Nc3 Nf6 4. Bc4 Nxe4 5. Nxe4 d5 6. Bxd5 Qxd5 7. d3 Bf5 8. Qe2 0-0-0 9. 0-0 Bg4 10. c3 Qxd3 11. Qd2 Qxe4 12. Re1 Qg6 13. Qg5 Bxf3 14. gxf3 Qxg5+ 15. Bxg5 f6 16. Be3 g5 17. b4 a6 18. Kg2 h5 19. h4 g4 20. f4 Bd6 21. f5 Ne7 22. a4 Nxf5 23. Rh1 e4 24. Rae1 Be5 25. c4 Bc3 26. Rb1 Nxe3+ 27. fxe3 Rd2+ 28. Kg3 Be5# 0-1

[Event "LSS No Engine Cup 222 Preliminary 0"]
[Site "LSS email"]
[Date "2021.10.23"]
[Round "?"]
[White "Kolanek, Sylwia"]
[Black "Lonyuk, Bohdan"]
[Result "1/2-1/2"]
[WhiteElo "2127"]
[BlackElo "1700"]
[PlyCount "79"]
[EventDate "2021.10.23"]
[EventType "tourn (corr)"]
[EventRounds "6"]
[EventCountry "GER"]
[SourceTitle "Corr 2024"]
[Source "ChessBase"]
[SourceDate "2023.10.19"]
[SourceVersion "1"]
[SourceVersionDate "2023.10.19"]
[SourceQuality "1"]

1. e4 e5 2. Nf3 Nc6 3. Bb5 a6 4. Ba4 Nf6 5. 0-0 Be7 6. Re1 b5 7. Bb3 0-0 8. c3 d5 9. exd5 Nxd5 10. Nxe5 Nxe5 11. Rxe5 c6 12. d3 Bd6 13. Re1 Bf5 14. Qf3 Qh4 15. g3 Qh3 16. Be3 Bxd3 17. Nd2 Qf5 18. Bd4 Rfe8 19. a4 h6 20. h4 Bf8 21. axb5 Rxe1+ 22. Rxe1 axb5 23. g4 Qxf3 24. Nxf3 f6 25. Re6 Kh7 26. Nd2 Rc8 27. Bxd5 cxd5 28. b4 Kg6 29. h5+ Kf7 30. Ra6 Re8 31. Kg2 Re6 32. Ra7+ Re7 33. Ra1 Re2 34. Kf3 Re6 35. Be3 Bd6 36. Nb3 Re4 37. Ra7+ Re7 38. Ra6 Be5 39. Bc5 Re8 40. Nd4 1/2-1/2

[Event "LSS No Engine Cup 222 Preliminary 0"]
[Site "LSS email"]
[Date "2021.10.23"]
[Round "?"]
[White "Lonyuk, Bohdan"]
[Black "Lukin, Andrey"]
[Result "1-0"]
[WhiteElo "1700"]
[BlackElo "1747"]
[PlyCount "43"]
[EventDate "2021.10.23"]
[EventType "tourn (corr)"]
[EventRounds "6"]
[EventCountry "GER"]
[SourceTitle "Corr 2024"]
[Source "ChessBase"]
[SourceDate "2023.10.19"]
[SourceVersion "1"]
[SourceVersionDate "2023.10.19"]
[SourceQuality "1"]

1. e4 c5 2. Nc3 d6 3. d4 cxd4 4. Qxd4 Nc6 5. Qd2 Nf6 6. b3 g6 7. Bb2 Bg7 8. 0-0-0 0-0 9. Kb1 a6 10. f3 b5 11. g4 Be6 12. Nd5 Bxd5 13. exd5 Na5 14. h4 Nb7 15. h5 Nc5 16. hxg6 fxg6 17. Nh3 h6 18. g5 hxg5 19. Nxg5 Nh5 20. Rxh5 gxh5 21. Bxg7 Kxg7 22. b4 1-0

[Event "LSS No Engine Cup 221 Preliminary 0"]
[Site "LSS email"]
[Date "2021.09.14"]
[Round "?"]
[White "Berk, Julian"]
[Black "Lonyuk, Bohdan"]
[Result "1-0"]
[WhiteElo "1971"]
[BlackElo "1755"]
[PlyCount "51"]
[EventDate "2021.09.14"]
[EventType "tourn (corr)"]
[EventRounds "6"]
[EventCountry "GER"]
[SourceTitle "Corr 2024"]
[Source "ChessBase"]
[SourceDate "2023.10.19"]
[SourceVersion "1"]
[SourceVersionDate "2023.10.19"]
[SourceQuality "1"]

1. c4 g6 2. Nc3 c5 3. g3 Bg7 4. Bg2 Nc6 5. Nf3 d6 6. 0-0 Bf5 7. a3 Qd7 8. b4 Bh3 9. Bxh3 Qxh3 10. Bb2 Nh6 11. Qb1 Nd4 12. Nd5 Qd7 13. Nxd4 cxd4 14. Qd3 Nf5 15. e4 dxe3 16. Bxg7 Nxg7 17. Rae1 Nh5 18. Rxe3 e6 19. g4 0-0-0 20. gxh5 exd5 21. Qxd5 gxh5 22. Rfe1 Rhg8+ 23. Kf1 Qg4 24. Rg3 Qf4 25. Re7 h4 26. Qxb7# 1-0

[Event "LSS No Engine Cup 220 Preliminary 0"]
[Site "LSS email"]
[Date "2021.08.26"]
[Round "?"]
[White "Heiser, Jerome"]
[Black "Lonyuk, Bohdan"]
[Result "0-1"]
[WhiteElo "741"]
[BlackElo "1780"]
[PlyCount "48"]
[EventDate "2021.08.26"]
[EventType "tourn (corr)"]
[EventRounds "6"]
[EventCountry "GER"]
[SourceTitle "Corr 2024"]
[Source "ChessBase"]
[SourceDate "2023.10.19"]
[SourceVersion "1"]
[SourceVersionDate "2023.10.19"]
[SourceQuality "1"]

1. e4 c5 2. Nc3 Nc6 3. Bc4 e6 4. Nf3 a6 5. 0-0 b5 6. Nxb5 axb5 7. Bxb5 Ba6 8. Bxc6 dxc6 9. d4 Bxf1 10. Kxf1 cxd4 11. Qd3 Nf6 12. Ne5 c5 13. Bf4 Be7 14. h3 0-0 15. b3 Qc7 16. g3 Bd6 17. f3 Bxe5 18. Kf2 Bxf4 19. gxf4 Qxf4 20. Rh1 Rxa2 21. Ke2 Qg5 22. Kf2 Nh5 23. Rc1 Qg3+ 24. Ke2 Nf4+ 0-1

[Event "LSS No Engine Cup 220 Preliminary 0"]
[Site "LSS email"]
[Date "2021.08.26"]
[Round "?"]
[White "Lonyuk, Bohdan"]
[Black "Portas, Daniel"]
[Result "0-1"]
[WhiteElo "1780"]
[BlackElo "1666"]
[PlyCount "56"]
[EventDate "2021.08.26"]
[EventType "tourn (corr)"]
[EventRounds "6"]
[EventCountry "GER"]
[SourceTitle "Corr 2024"]
[Source "ChessBase"]
[SourceDate "2023.10.19"]
[SourceVersion "1"]
[SourceVersionDate "2023.10.19"]
[SourceQuality "1"]

1. e4 e6 2. d4 d5 3. Nc3 Bb4 4. Nge2 dxe4 5. a3 Be7 6. Nxe4 Nf6 7. Qd3 Nbd7 8. Bf4 Nxe4 9. Qxe4 Nf6 10. Qd3 0-0 11. 0-0-0 Bd6 12. Bg3 Bd7 13. Nc3 Bc6 14. Kb1 Rb8 15. Be2 b5 16. Bf3 Bxf3 17. Qxf3 b4 18. axb4 Rxb4 19. Be5 Nd7 20. Qg3 Bxe5 21. dxe5 Qe7 22. f4 Rfb8 23. b3 a5 24. Ka2 Nc5 25. Rb1 a4 26. bxa4 Nxa4 27. Rb3 Qc5 28. Nxa4 Qxc2+ 0-1

[Event "LSS No Engine Cup 219 Preliminary 0"]
[Site "LSS email"]
[Date "2021.07.10"]
[Round "?"]
[White "Krishnamurthy, Prabhanandan"]
[Black "Lonyuk, Bohdan"]
[Result "0-1"]
[WhiteElo "1658"]
[BlackElo "1782"]
[PlyCount "42"]
[EventDate "2021.07.10"]
[EventType "tourn (corr)"]
[EventRounds "6"]
[EventCountry "GER"]
[SourceTitle "Corr 2024"]
[Source "ChessBase"]
[SourceDate "2023.10.19"]
[SourceVersion "1"]
[SourceVersionDate "2023.10.19"]
[SourceQuality "1"]

1. e4 d5 2. exd5 Qxd5 3. Nc3 Qd6 4. d4 Nf6 5. Nf3 c6 6. Ne5 Nbd7 7. Nxd7 Bxd7 8. Be2 g6 9. Be3 Bg7 10. h3 0-0 11. 0-0 Qc7 12. Qd2 Bf5 13. g4 Be6 14. Bf3 Rfd8 15. Rad1 Nd5 16. Nxd5 Bxd5 17. Qe2 Qa5 18. a3 Bxf3 19. Qxf3 Qa4 20. c3 Rd5 21. Bf4 Rad8 0-1

[Event "LSS No Engine Cup 218 Preliminary 0"]
[Site "LSS email"]
[Date "2021.06.07"]
[Round "?"]
[White "Lonyuk, Bohdan"]
[Black "Boni, Roberto"]
[Result "0-1"]
[WhiteElo "1770"]
[BlackElo "1939"]
[PlyCount "70"]
[EventDate "2021.06.07"]
[EventType "tourn (corr)"]
[EventRounds "6"]
[EventCountry "GER"]
[SourceTitle "Corr 2024"]
[Source "ChessBase"]
[SourceDate "2023.10.19"]
[SourceVersion "1"]
[SourceVersionDate "2023.10.19"]
[SourceQuality "1"]

1. c4 e5 2. Nc3 Nf6 3. g3 Bb4 4. e4 0-0 5. Nge2 d6 6. Bg2 Nc6 7. h3 a6 8. 0-0 Bc5 9. a3 Nd4 10. Nxd4 Bxd4 11. Ne2 Bb6 12. d3 c6 13. Kh2 Ba7 14. f4 b5 15. fxe5 dxe5 16. Bg5 Ng4+ 17. hxg4 Qxg5 18. Ng1 Bxg4 19. Bf3 Bxg1+ 20. Kxg1 Bh3 21. Bg2 Qxg3 22. Qf3 Qxg2+ 23. Qxg2 Bxg2 24. Kxg2 Rad8 25. cxb5 axb5 26. Rf3 c5 27. Rc1 Rc8 28. b4 cxb4 29. Rxc8 Rxc8 30. axb4 Rd8 31. Rf2 Rxd3 32. Rc2 h5 33. Rc5 Rd4 34. Rxe5 Rxb4 35. Rxh5 Rxe4 0-1

[Event "LSS No Engine Cup 218 Preliminary 0"]
[Site "LSS email"]
[Date "2021.06.07"]
[Round "?"]
[White "Sheers, Matthew"]
[Black "Lonyuk, Bohdan"]
[Result "1-0"]
[WhiteElo "2276"]
[BlackElo "1770"]
[PlyCount "45"]
[EventDate "2021.06.07"]
[EventType "tourn (corr)"]
[EventRounds "6"]
[EventCountry "GER"]
[SourceTitle "Corr 2024"]
[Source "ChessBase"]
[SourceDate "2023.10.19"]
[SourceVersion "1"]
[SourceVersionDate "2023.10.19"]
[SourceQuality "1"]

1. d4 d5 2. Nf3 c6 3. e3 Bf5 4. Bd3 Bg6 5. 0-0 Nd7 6. c4 e6 7. Qc2 Ngf6 8. Nbd2 Bd6 9. Bxg6 hxg6 10. e4 dxe4 11. Nxe4 Nxe4 12. Qxe4 Qc7 13. g3 Nf6 14. Qe2 0-0-0 15. c5 Bf8 16. Bf4 Qe7 17. Bg5 Rd5 18. b4 Qe8 19. Rab1 Be7 20. b5 Ng8 21. Bf4 f6 22. Qxe6+ Qd7 23. bxc6 1-0

[Event "LSS No Engine Cup 216 Preliminary 0"]
[Site "LSS email"]
[Date "2021.04.11"]
[Round "?"]
[White "Vio, Mauro"]
[Black "Lonyuk, Bohdan"]
[Result "1-0"]
[WhiteElo "1859"]
[BlackElo "1756"]
[PlyCount "81"]
[EventDate "2021.04.11"]
[EventType "tourn (corr)"]
[EventRounds "6"]
[EventCountry "GER"]
[SourceTitle "Corr 2024"]
[Source "ChessBase"]
[SourceDate "2023.10.19"]
[SourceVersion "1"]
[SourceVersionDate "2023.10.19"]
[SourceQuality "1"]

1. c4 g6 2. d4 Nf6 3. Nc3 d5 4. Nf3 Bg7 5. Bg5 Ne4 6. Bf4 Nxc3 7. bxc3 c5 8. cxd5 Qxd5 9. e3 Nc6 10. Qb3 Qxb3 11. axb3 Be6 12. Bc4 Bxc4 13. bxc4 cxd4 14. cxd4 e6 15. Ke2 b6 16. g4 0-0 17. Ra4 Rac8 18. Rb1 Rfd8 19. h4 Rd7 20. Bg3 f6 21. g5 f5 22. Rb5 Kf7 23. Kf1 Ke7 24. Ra6 Kf7 25. Kg2 e5 26. Bxe5 Nxe5 27. Rxe5 Rxc4 28. h5 Rcc7 29. Rb5 Ke6 30. Nh4 Rd5 31. Rc5 Rdxc5 32. dxc5 Rb7 33. cxb6 axb6 34. hxg6 hxg6 35. Nxg6 Kd5 36. Nf4+ Kc4 37. Kf3 Be5 38. g6 Kb5 39. Ra8 Rg7 40. Re8 Bxf4 41. Kxf4 1-0

[Event "SE-2021-0-00021"]
[Site "LSS email"]
[Date "2021.03.30"]
[Round "?"]
[White "Grimm, Wolfgang"]
[Black "Lonyuk, Bohdan"]
[Result "1-0"]
[WhiteElo "1343"]
[BlackElo "1343"]
[PlyCount "81"]
[EventDate "2021.01.16"]
[EventType "tourn (corr)"]
[EventRounds "6"]
[EventCountry "GER"]
[SourceTitle "Corr 2024"]
[Source "ChessBase"]
[SourceDate "2023.10.19"]
[SourceVersion "1"]
[SourceVersionDate "2023.10.19"]
[SourceQuality "1"]

1. Nf3 d5 2. e3 Bg4 3. Bb5+ c6 4. Be2 e6 5. Ne5 Bxe2 6. Qxe2 Bd6 7. Nf3 Nf6 8. 0-0 0-0 9. d3 Nbd7 10. Nc3 e5 11. e4 Re8 12. Bd2 Nf8 13. exd5 cxd5 14. Bg5 N8d7 15. Nxd5 h6 16. Bxf6 Nxf6 17. Nc3 a6 18. h3 b5 19. Rad1 Qc7 20. Ne4 Nxe4 21. dxe4 Bf8 22. Rd5 Rad8 23. Rfd1 Rxd5 24. Rxd5 f6 25. Qd3 Rc8 26. c3 Qc4 27. Qxc4 Rxc4 28. Nd2 Rc6 29. Kf1 Kf7 30. Ke2 Ke6 31. Rd8 Be7 32. Rg8 Kf7 33. Rh8 b4 34. cxb4 Bxb4 35. Rb8 Bc5 36. b3 a5 37. Ra8 Bb4 38. Nc4 Kg6 39. a3 Bc3 40. Kd3 Be1 41. Nxa5 1-0

[Event "LSS No Engine Cup 215 Preliminary 0"]
[Site "LSS email"]
[Date "2021.03.13"]
[Round "?"]
[White "Biernacki, Bodo"]
[Black "Lonyuk, Bohdan"]
[Result "0-1"]
[WhiteElo "1600"]
[BlackElo "1756"]
[PlyCount "62"]
[EventDate "2021.03.13"]
[EventType "tourn (corr)"]
[EventRounds "6"]
[EventCountry "GER"]
[SourceTitle "Corr 2024"]
[Source "ChessBase"]
[SourceDate "2023.10.19"]
[SourceVersion "1"]
[SourceVersionDate "2023.10.19"]
[SourceQuality "1"]

1. d4 Nf6 2. Bg5 d5 3. Bxf6 exf6 4. e3 Be6 5. Bd3 f5 6. Qf3 g6 7. Ne2 c6 8. 0-0 Nd7 9. Nd2 Bd6 10. Nf4 Qc7 11. c3 0-0 12. a4 a5 13. Rac1 Nb6 14. b3 Rae8 15. Rfe1 Bc8 16. g3 Nd7 17. c4 Bb4 18. Red1 dxc4 19. bxc4 Nf6 20. c5 Qe7 21. Rc2 Ne4 22. Bxe4 fxe4 23. Qe2 h5 24. h3 Be6 25. Nxe6 Qxe6 26. Kg2 Kg7 27. h4 Qd5 28. Nc4 Re7 29. Rb1 Rb8 30. Rcb2 Bc3 31. Rb6 Kf8 0-1

[Event "LSS No Engine Cup 214 Preliminary 0"]
[Site "LSS email"]
[Date "2021.02.17"]
[Round "?"]
[White "Boni, Roberto"]
[Black "Lonyuk, Bohdan"]
[Result "0-1"]
[WhiteElo "1956"]
[BlackElo "1760"]
[PlyCount "104"]
[EventDate "2021.02.17"]
[EventType "tourn (corr)"]
[EventRounds "6"]
[EventCountry "GER"]
[SourceTitle "Corr 2024"]
[Source "ChessBase"]
[SourceDate "2023.10.19"]
[SourceVersion "1"]
[SourceVersionDate "2023.10.19"]
[SourceQuality "1"]

1. e4 e5 2. Nf3 Nc6 3. Bb5 a6 4. Ba4 Nf6 5. 0-0 Be7 6. Re1 b5 7. Bb3 0-0 8. c3 d5 9. d4 exd4 10. e5 Ne4 11. cxd4 Bg4 12. Nc3 Nxc3 13. bxc3 Qd7 14. Bc2 Bh5 15. Qd3 Bg6 16. Qd1 Nd8 17. Bxg6 fxg6 18. Ng5 Qf5 19. Nf3 Ne6 20. a4 c6 21. axb5 axb5 22. Rxa8 Rxa8 23. h3 Ra1 24. Qe2 g5 25. g4 Qe4 26. Qxe4 dxe4 27. Be3 Ra3 28. Nd2 Rxc3 29. Nxe4 Rd3 30. Kg2 Nxd4 31. Ng3 Nc2 32. Rc1 Nxe3+ 33. fxe3 Rxe3 34. Rxc6 Rxe5 35. Kf3 b4 36. Rb6 Bc5 37. Rb8+ Kf7 38. Ne4 Be7 39. Nf2 Re1 40. Nd3 Rh1 41. Nf2 Rh2 42. Rb7 Ke6 43. Rb5 h6 44. Ke2 Bd6 45. Kf1 Kd7 46. Kg1 Kc6 47. Rxb4 Rxf2 48. Kxf2 Bxb4 49. Ke3 Kd5 50. Kd3 Bc5 51. Kd2 Ke4 52. Ke2 Bd4 0-1

[Event "ZL-2021-0-02304"]
[Site "LSS email"]
[Date "2021.02.09"]
[Round "?"]
[White "Lonyuk, Bohdan"]
[Black "Shim Ng Min, Francis"]
[Result "1-0"]
[WhiteElo "1352"]
[BlackElo "1148"]
[PlyCount "49"]
[EventDate "2021.02.08"]
[EventType "match (corr)"]
[EventRounds "2"]
[EventCountry "GER"]
[SourceTitle "Corr 2022"]
[Source "ChessBase"]
[SourceDate "2021.10.24"]
[SourceVersion "1"]
[SourceVersionDate "2021.10.24"]
[SourceQuality "1"]

1. c4 Nf6 2. g3 c5 3. Bg2 e5 4. Nc3 Be7 5. d3 h6 6. e3 0-0 7. Nge2 d6 8. Nd5 Nxd5 9. Bxd5 Nc6 10. Bg2 Bd7 11. Nc3 Re8 12. Nd5 Bf8 13. Rb1 a5 14. a3 Be6 15. Bd2 Bxd5 16. Bxd5 Qc7 17. 0-0 Rab8 18. Qf3 Nd8 19. b4 axb4 20. axb4 b6 21. Rb2 Ne6 22. h4 Red8 23. Rfb1 Rdc8 24. bxc5 bxc5 25. Rb7 1-0

[Event "ZL-2021-0-02304"]
[Site "LSS email"]
[Date "2021.02.09"]
[Round "?"]
[White "Shim Ng Min, Francis"]
[Black "Lonyuk, Bohdan"]
[Result "1-0"]
[WhiteElo "1148"]
[BlackElo "1352"]
[PlyCount "35"]
[EventDate "2021.02.08"]
[EventType "match (corr)"]
[EventRounds "2"]
[EventCountry "GER"]
[SourceTitle "Corr 2022"]
[Source "ChessBase"]
[SourceDate "2021.10.24"]
[SourceVersion "1"]
[SourceVersionDate "2021.10.24"]
[SourceQuality "1"]

1. e4 d5 2. exd5 Qxd5 3. Nc3 Qd6 4. Nf3 Bg4 5. Be2 Nf6 6. d4 c6 7. Be3 Nbd7 8. Qd2 Bf5 9. 0-0-0 Ng4 10. Bf4 e5 11. Bg3 g6 12. Qe1 Qe6 13. h3 exd4 14. Nxd4 Qf6 15. hxg4 Qg5+ 16. Kb1 Be6 17. Nxe6 fxe6 18. Bc4 1-0

[Event "SD-2021-0-00317"]
[Site "LSS email"]
[Date "2021.02.02"]
[Round "?"]
[White "Trevis, Robert"]
[Black "Lonyuk, Bohdan"]
[Result "1-0"]
[WhiteElo "1428"]
[BlackElo "1414"]
[PlyCount "43"]
[EventDate "2020.09.13"]
[EventType "tourn (corr)"]
[EventRounds "6"]
[EventCountry "GER"]
[SourceTitle "Corr 2024"]
[Source "ChessBase"]
[SourceDate "2023.10.19"]
[SourceVersion "1"]
[SourceVersionDate "2023.10.19"]
[SourceQuality "1"]

1. Nc3 Nf6 2. e4 e5 3. Bc4 Bc5 4. d3 c6 5. Nf3 d6 6. 0-0 Nbd7 7. a4 a5 8. Qe2 h6 9. Be3 Ba7 10. Bxa7 Rxa7 11. Rfd1 Nf8 12. d4 exd4 13. Rxd4 Qe7 14. Rad1 Ng6 15. Rxd6 0-0 16. e5 Nh7 17. Rxg6 b5 18. axb5 cxb5 19. Nxb5 Rb7 20. Nd6 Rc7 21. Nd4 Rxc4 22. Qxc4 1-0